Pays du Monde sans Palestine mais avec le Kosovo et Taïwan - Statistiques

Statistiques générales
  • Ce quiz a été pris 372 fois
  • Le résultat moyen est 123 sur 196
Réponses sur la Carte
Les réponses sont colorées sur une échelle allant du rouge au vert en fonction du pourcentage des utilisateurs qui les ont devinées à leur premier essai. Vous pouvez retrouver ces pourcentages ci-dessous.
 
Statistiques - réponses
Pays % Correct
Canada
92%
France
92%
États-Unis
91%
Allemagne
90%
Brésil
90%
Russie
90%
Espagne
89%
Italie
89%
Mexique
89%
Argentine
88%
Australie
88%
Chine
88%
Maroc
88%
Portugal
88%
Royaume-Uni
88%
Afrique du Sud
87%
Algérie
87%
Belgique
87%
Inde
87%
Japon
87%
Égypte
85%
Suède
85%
Suisse
85%
Danemark
83%
Irlande
83%
Islande
83%
Tunisie
83%
Turquie
83%
Ukraine
83%
Corée du Nord
82%
Corée du Sud
82%
Iran
82%
Madagascar
82%
Chili
81%
Norvège
81%
Pérou
81%
République Démocratique du Congo
81%
Pays-Bas
80%
Finlande
79%
Grèce
79%
Pologne
79%
République du Congo
79%
Autriche
78%
Colombie
78%
Irak
78%
Roumanie
78%
Cuba
77%
Lituanie
77%
Uruguay
77%
Arabie Saoudite
76%
Luxembourg
76%
Kosovo
75%
Lettonie
75%
Nouvelle-Zélande
75%
Estonie
74%
Israël
74%
Biélorussie
73%
Bolivie
73%
Indonésie
73%
Niger
73%
Pakistan
73%
Paraguay
73%
Sénégal
73%
Thaïlande
73%
Albanie
72%
Croatie
72%
Libye
72%
Mongolie
72%
Nigeria
71%
Venezuela
71%
Hongrie
70%
Kazakhstan
70%
Mali
70%
Monaco
70%
Afghanistan
69%
Slovaquie
69%
Slovénie
69%
Viêt Nam
69%
Cameroun
68%
Équateur
68%
République Tchèque
68%
Émirats Arabes Unis
67%
Qatar
66%
Soudan
66%
Côte d'Ivoire
65%
Guinée
65%
Haïti
65%
Ouzbékistan
65%
Serbie
65%
Vatican
65%
Bosnie-Herzégovine
64%
Bulgarie
64%
Éthiopie
64%
Syrie
64%
Taïwan
64%
Andorre
63%
Liban
63%
Panama
63%
Yémen
63%
Chypre
62%
Costa Rica
62%
Macédoine du Nord
62%
Mauritanie
62%
République Dominicaine
62%
Somalie
62%
Laos
61%
Oman
61%
Arménie
60%
Cambodge
60%
Monténégro
60%
Sri Lanka
60%
Géorgie
59%
Jordanie
59%
Kenya
59%
Malaisie
59%
Malte
59%
Népal
59%
Jamaïque
58%
Moldavie
58%
Philippines
58%
Togo
58%
Turkménistan
58%
Guyana
57%
Tanzanie
57%
Zimbabwe
57%
Zambie
56%
Soudan du Sud
55%
Angola
54%
Azerbaïdjan
54%
Bangladesh
54%
Birmanie
54%
Cap-Vert
53%
Honduras
53%
Liechtenstein
53%
Namibie
53%
Saint-Marin
53%
Suriname
53%
Guatemala
52%
Bénin
51%
Érythrée
51%
Ghana
51%
Guinée Équatoriale
51%
Guinée-Bissau
50%
Koweït
50%
Mozambique
50%
Nicaragua
50%
Ouganda
50%
Papouasie-Nouvelle-Guinée
50%
Rwanda
50%
Salvador
50%
Tchad
50%
Fidji
49%
Lesotho
49%
Burkina Faso
48%
Seychelles
48%
Gabon
47%
Gambie
47%
Kirghizistan
47%
Bahamas
46%
Bhoutan
46%
Botswana
46%
Comores
46%
Maldives
46%
Maurice
46%
Singapour
46%
Tadjikistan
46%
Belize
44%
Djibouti
44%
République Centrafricaine
44%
Bahreïn
43%
Liberia
43%
Eswatini
40%
Sierra Leone
40%
Dominique
39%
Malawi
38%
Sainte-Lucie
38%
Barbade
37%
Burundi
37%
Tonga
37%
Trinité-et-Tobago
37%
Vanuatu
37%
Brunei
36%
Îles Marshall
36%
Sao Tomé-et-Principe
36%
États Fédérés de Micronésie
35%
Antigua-et-Barbuda
34%
Saint-Vincent-et-les-Grenadines
34%
Samoa
34%
Tuvalu
33%
Grenade
32%
Îles Salomon
31%
Timor Oriental
31%
Saint-Christophe- et-Niévès
30%
Nauru
29%
Palaos
28%
Kiribati
27%
Aucun quiz correspondant
Distribution des résultats
% des personnes avec chaque résultat
Percentile par nombre de réponses
Votre historique - résultats
Vous n’avez pas pris ce quiz